DISBILITY AND SPECIAL NEEDS (Record no. 26660)

MARC details
000 -LEADER
fixed length control field 00334nam a22001457a 4500
003 - CONTROL NUMBER IDENTIFIER
control field SGT
020 ## - INTERNATIONAL STANDARD BOOK NUMBER
International Standard Book Number 9788184576078
082 ## - DEWEY DECIMAL CLASSIFICATION NUMBER
Classification number 362.4,SIN
100 ## - MAIN ENTRY--PERSONAL NAME
Personal name SINGH DOLLY
245 ## - TITLE STATEMENT
Title DISBILITY AND SPECIAL NEEDS
260 ## - PUBLICATION, DISTRIBUTION, ETC. (IMPRINT)
Place of publication, distribution, etc NEW DELHI
Name of publisher, distributor, etc KANISHKA PUB.
Year of Publication 2023
300 ## - PAGE DESCRIPTION
No. of Pages 241
650 ## - SUBJECT ADDED ENTRY--TOPICAL TERM
Topical term or geographic name as entry element SOCIAL PROBLEMS SERVICES
942 ## - ADDED ENTRY ELEMENTS (KOHA)
Source of classification or shelving scheme Dewey Decimal Classification
Koha item type Books
Holdings
Withdrawn status Lost status Source of classification or shelving scheme Damaged status Use restrictions Not for loan Collection code Home library Current library Shelving location Date acquired Vendor Name Cost, normal purchase price SGTU Bill Number Full call number Accession No. (Barcode) Date last seen Bill Date Koha item type Total Checkouts Date last borrowed
    Dewey Decimal Classification   Restricted Access Not For Loan EDUCATION SGT Engineering Library SGT Engineering Library Reference Book 11/07/2024 ABC PUBLISHERS & DISTRIBUTORS PVT. LTD. 850.00 SGTU IN43 362.4,SIN ED5256 11/07/2024 28/06/2024 Books    
    Dewey Decimal Classification       EDUCATION SGT Engineering Library SGT Engineering Library Text Book 11/07/2024 ABC PUBLISHERS & DISTRIBUTORS PVT. LTD. 850.00 SGTU IN43 362.4,SIN ED5257 11/07/2024 28/06/2024 Books    
    Dewey Decimal Classification       EDUCATION SGT Engineering Library SGT Engineering Library Text Book 11/07/2024 ABC PUBLISHERS & DISTRIBUTORS PVT. LTD. 850.00 SGTU IN43 362.4,SIN ED5258 25/05/2026 28/06/2024 Books 1 25/05/2026